000 00372nam a2200157Ia 4500
003 0STCL
008 150530s9999 xx 000 0 und d
040 _aSTCL
_cSTCL
100 _aSastri, P.S.
245 _aHistory of literary criticism
260 _bLakshmi Narain Agarwal
_c1960
546 _aEnglish
942 _2ddc
_cBK
999 _c52851
_d52851
005 20220125170906.0